| 000 | 00894cam a22002897a 4500 | ||
|---|---|---|---|
| 003 | CHAP | ||
| 005 | 20220817042125.0 | ||
| 008 | 971013s1970 r 00010 d | ||
| 010 | _a35404 | ||
| 011 | _a36376 | ||
| 035 | _a40495 | ||
| 040 | _cCHAP | ||
| 090 | _aFolleto 6386 | ||
| 100 | 0 | 0 |
_aPacheco Sotelo, Pascual. _984589 |
| 245 | 0 | _aPiensa plantar árboles frutales en el invierno? | |
| 260 |
_aChapingo, Méx. : _bDepartamento de Extensión Agrícola, _c(1970) |
||
| 300 |
_as.p. _b: ilus. |
||
| 590 |
_aBATCH-UPD _b10 _c20130110 _lUCH01 _h2011 |
||
| 590 |
_aBATCH-UPD _b10 _c20130410 _lUCH01 _h1330 |
||
| 590 |
_aBATCH-UPD _b10 _c20130914 _lUCH01 _h1855 |
||
| 590 |
_aCONVERSION _b10 _c20130109 _lUCH01 _h1320 |
||
| 650 | 1 | 4 | _aArboles frutales. |
| 650 | 1 | 4 |
_aPlantación de árboles. _988782 |
| 901 | _aBK | ||
| 942 | _cFOLL | ||
| 949 |
_aFolleto 6386 _bBC _cFOLL _d-92532 _eTS1 _i40495 _mD _si |
||
| 999 |
_c35404 _d35404 |
||